00963cam a2200253 a 450000100100000000500170001000800410002702000150006804000250008308200200010810000310012824501260015926000350028530000290032050000440034965000220039365100260041565000420044170000380048370000380052104900090055995201240056899900170069200001898420260408180430.0100521s1995 mx b r 000 0 spa d a9686987045 aDO-SdBNPbspacBNPHU a328.3453bM482t1 aMeador, Daniel John94084314aLos tribunales de los Estados Unidos /cDaniel John Meador , traductor Thomas W. Bartenbach, editor Pereznieto del Prado. aMéxico :bPereznieto,c1995. a130 p. , mapa. ;c21 cm. aIncluye índice analítico p. 125-130 0aTribunales940844 4aEstados Unidos940845 4aPoder judicialzEstados Unidos9408461 aBartenbach, Thomas W.etr.9408471 aPrado, Pereznieto deleed.940848 aBNGR 001054708MOaGRbGRcCTd2010-05-21iLF1l0o328.3453 M482tp18984-10r2020-06-25w2020-06-25y4ZPréstamo en sala c18502d18502